مسابقة خريطة الولايات المتحدة - Statistics

الإحصائيات العامة
  • هذا الإختبار تم الخضوع له 249 مره
  • الدرجة المتوسطة هي 9 من 50
Answers on the Map
Answers color-coded by a green-red scale on the quiz's map according to % correct below.
 
إحصائيات الإجابة
Answer % صحيح
ألاسكا
64%
تكساس
50%
كاليفورنيا
47%
هاواي
41%
المكسيك جديدة
41%
واشنطن
39%
فلوريدا
37%
أوريغون
28%
نيويورك
28%
أريزونا
27%
ألاباما
24%
كارولينا الجنوبية
23%
شمال كارولينا
20%
ميشيغان
20%
جورجيا
19%
أوهايو
18%
إنديانا
18%
نيفادا
18%
نيو جيرسي
17%
جنوب داكوتا
17%
فرجينيا
16%
فرجينيا الغربية
16%
بنسلفانيا
16%
شمال داكوتا
16%
كنتاكي
15%
ميسيسيبي
14%
إلينوي
14%
لويزيانا
13%
ماريلاند
13%
جزيرة رود
13%
أوكلاهوما
13%
أركنساس
13%
تينيسي
12%
ماساتشوستس
12%
نيو هامبشاير
12%
ايداهو
12%
ديلاوير
11%
ولاية مين
11%
يوتا
11%
كولورادو
11%
مونتانا
9%
ولاية كانساس
9%
ولاية ايوا
9%
كونيتيكت
8%
فيرمونت
8%
مينيسوتا
8%
وايومنغ
8%
ميسوري
8%
ويسكونسن
7%
نبراسكا
5%
No matching quizzes found
توزيع النقاط
نسبة الأشخاص لكل درجة
النسبة وفقا للأرقام
سجل النقاط الخاصة بك
لم تضخع لهذا الإختبار